| 000 | 01011nam a2200313 4500 | ||
|---|---|---|---|
| 001 | 16648 | ||
| 003 | ES-MaACL | ||
| 005 | 20250824222443.0 | ||
| 007 | t| | ||
| 008 | 001020s1984 sp b ||||0| spa d | ||
| 016 | 7 | _zIBH8405823781 | |
| 020 | _a84-7517-118-4 | ||
| 040 |
_aIBH _bspa _cM-BN-DP |
||
| 080 | _a9(=927:465.1)"13/14"(04) | ||
| 080 | _a9(=924:465.1)"11/14"(04) | ||
| 100 | 1 |
_aGarcía-Arenal, Mercedes. _954180 |
|
| 245 | 1 | 0 |
_aMoros y judíos en Navarra en la Baja Edad Media / _cMercedes García-Arenal, Béatrice Leroy. |
| 250 | _a1ª ed. | ||
| 260 |
_aMadrid : _bHiperión, _c1984. |
||
| 300 |
_a256 p., 1 map. ; _c24 cm. |
||
| 490 | 1 | _aLibros Hiperión | |
| 504 | _aBibliografía. - Indice. | ||
| 650 | 1 | 4 |
_aMudéjares- _zNavarra (Reino)- _yS.XIV-XV. _915235 |
| 650 | 1 | 4 |
_aJudíos- _zNavarra (Reino)- _yS.XII-XV. _914002 |
| 700 | 1 |
_aLeroy, Béatrice. _971796 |
|
| 830 | 0 | 0 |
_aLibros Hiperión _9178016 |
| 852 |
_aES-MaACL _jL-23631 _bR.128875 |
||
| 999 |
_c16648 _d16648 |
||